Belianske Tatry turistický sprievodca regiónu

Bibliographic Details
Main Author: Michalík, Dominik (Author)
Other Authors: Bobák, Igor (Photographer), Dąbrowska, Katarzyna (Translator), Šturcelová, Klaudia (Translator), Šturcelová, Martina (prekladateľka) (Translator), Vaško, Jozef (Photographer), Slivinský, Ján, 1962- (Photographer), Gálik, Martin (Photographer), Kuchárová, Eva (Photographer), Matava, Ján (Photographer), Kováč, Miroslav (Photographer), Bieľak, Štefan (Photographer), Pytel, Sylwester (Photographer)
Format: Book
Language:Slovak
English
Polish
Russian
Published: [Spišská Nová Ves] BAMBOW, Igor Bobák 2012
Edition:Vyd. 1.
Subjects:

MARC

LEADER 00000nam a2200000 a 4500
001 vtls010503248
003 SK-MaSNL
005 20260302012810.0
008 210701s2012 xo do f 000 0 slo
015 |a SNBE2013 
020 |a 9788097110208  |q (brož.) 
035 |a urn:nbn:sk:snk-am3hg7e 
035 |a E8EA26A0-F4E2-4C38-A0FD-7AD18892EFF6 
035 |a urn:nbn:sk:snk-am00cz7i 
035 |a ECDF1361-B38D-49C2-BC9B-AA5293FAF94C 
035 |a urn:nbn:sk:snk-am00czsa 
040 |a SNK  |b slo  |c SNK  |e AACR2 
041 0 |a slo  |a eng  |a pol  |a rus 
043 |a e-xo--- 
044 |a xo  |c SK 
072 7 |a 913(437)  |x Geografia Česka a Slovenska, reálie, cestovanie  |2 konspekt 
080 |a 913(437.6)  |2 2001 
080 |a (036)913  |2 2001 
080 |a (234.372.4)  |2 2001 
100 1 |a Michalík, Dominik  |4 aut  |9 483156 
245 1 0 |a Belianske Tatry  |b turistický sprievodca regiónu  |c Dominik Michalík ; foto: Igor Bobák ... [et al.] ; preklad: Martina Šturcelová, Katarzyna Dąbrowska, Klaudia Šturcelová 
250 |a Vyd. 1. 
260 |a [Spišská Nová Ves]  |b BAMBOW, Igor Bobák  |c 2012 
300 |a 79 s.  |b fotogr.  |c 15 cm  |e 1 mapa 
651 7 |a Belianske Tatry (Slovensko : pohorie)  |2 SNKPHbucl  |9 177592 
651 7 |a Belianske Tatry (Slovakia)  |2 SNKPHbucleng  |9 425795 
655 7 |a turistickí sprievodcovia (publikácie)  |2 SNKPH  |9 191298 
655 7 |a Tourist guidebooks  |2 SNKPHeng  |9 291226 
700 1 |a Bobák, Igor  |4 pht  |4 pbl  |9 42940 
700 1 |a Dąbrowska, Katarzyna  |4 trl  |9 655230 
700 1 |a Šturcelová, Klaudia  |4 trl  |9 655231 
700 1 |a Šturcelová, Martina  |c (prekladateľka)  |4 trl  |9 186330 
700 1 |a Vaško, Jozef  |4 pht  |9 60004 
700 1 |a Slivinský, Ján,  |d 1962-  |4 pht  |9 176425 
700 1 |a Gálik, Martin  |4 pht  |9 315166 
700 1 |a Kuchárová, Eva  |4 pht  |9 555259 
700 1 |a Matava, Ján  |4 pht  |9 655232 
700 1 |a Kováč, Miroslav  |4 pht  |9 303327 
700 1 |a Bieľak, Štefan  |4 pht  |9 337309 
700 1 |a Pytel, Sylwester  |4 pht  |9 655233 
919 |a 978-80-971102-0-8 
958 |a OND 
999 |c 1010721  |d 1012651 
952 |a SNK  |b SNK  |y PREZ  |7 0  |p 17A1062474  |o snkSE 12613  |i snk2013/8146  |8 0  |3 Dokument obsahuje 1 mp. príl.  |0 0  |1 0  |4 0  |d 2013-04-11  |f 1  |l 0  |r 2026-02-24 12:51:05  |w 2026-02-24 
952 |a SNK  |b SNK  |y PREZ  |7 0  |p 17A1066652  |o snkSE 12613/píl.  |i snk2013/8146  |8 0  |z 1 mp. príl.: Belianske Tatry Spišská Belá  |0 0  |1 0  |4 0  |d 2013-04-11  |f 1  |l 0  |r 2026-02-24 12:51:05  |w 2026-02-24 
952 |a SNK  |b SNK  |y VYP  |7 0  |p 17A1067422  |o snkSE 12613 D1  |i snk2013/8147  |8 0  |3 Dokument obsahuje 1 mp. príl.  |0 0  |1 0  |4 0  |d 2013-04-11  |l 0  |r 2026-02-24 12:51:05  |w 2026-02-24 
952 |a SNK  |b SNK  |y VYP  |7 0  |p 17A1067423  |o snkSE 12613/príl. D1  |i snk2013/8147  |8 0  |z 1 mp. príl.: Belianske Tatry Spišská Belá  |0 0  |1 0  |4 0  |d 2013-04-11  |l 0  |r 2026-02-24 12:51:05  |w 2026-02-24